000 06651namaa22004571i 4500
003 EG-GICUC
005 20260411110329.0
008 260411s2025 ua a|||frm||| 000 0 eng d
040 _aEG-GICUC
_beng
_cEG-GICUC
_dEG-GICUC
_erda
041 0 _aeng
_beng
_bara
049 _aDeposit
082 0 4 _a‪617.964
092 _a‪617.964
_221
097 _aPh.D
099 _aCai01.11.01.Ph.D.2025.Mo.F
100 0 _aMohamed Mohamed Kadry Abd El Maged Wishahy,
_epreparation.
245 1 0 _aEvaluation of the ability of thermographic infrared thermal imaging to predict successful ultrasound guided adductor canal block :
_ba prospective observational cohort study /
_cby Mohamed Mohamed Kadry Abd El Maged Wishahy ; Supervision Prof. Hassan Mohamed Ahmed, Prof.Dina zakaria Mohamed, Dr. Inas Farouk Abdul Aal, Dr. Antony Adel Fahmy Gorgy.
246 1 5 _aتقييم قدرة التصوير الحراري بالأشعة تحت الحمراء للتنبؤ بنجاح احصار القناه المقربه الموجهه بالموجات فوق الصوتيه :
_b دراسة جماعية قائمه علي الملاحظة
264 0 _c2025.
300 _a69 pages :
_billustrations ;
_c25 cm. +
_eCD.
336 _atext
_2rda content
337 _aUnmediated
_2rdamedia
338 _avolume
_2rdacarrier
502 _aThesis (Ph.D)-Cairo University, 2025.
504 _aBibliography: pages 63-68.
520 3 _aBackground: Peripheral nerve blocks are commonly used as sole anesthesia for surgical procedure. However, insufficient nerve block is an important factor for decreased patient satisfaction Therefore, early detection of block failure would allow application of rescue techniques in the proper time which improve patient satisfaction and save time in the operating theater. The use of infrared thermal camera carries many advantages for being non-invasive and accurate Methods: A prospective observational study was conducted in Cairo University Hospital; we included consecutive 106 adult (18-60 years) patients, scheduled for elective knee arthroscope procedure under ultrasound-guided adductor canal block with general anesthesia Result: We evaluated the ability of thermal imaging to detect the success of adductor canal block at different times and found that it can accurately detect patients with successful block by changing temperature. Our results showed that According to Receiver Operator Characteristic (ROC) analysis the best clinical cutoff of temperature change at 8 minutes in predicting successful block was 33.6 ºC. This cutoff achieved sensitivity equal to 96.5% and a specificity equal to 66.7%. At 10 minutes, the best cutoff of temperature change to predict successful block was 34.7 ºC with a sensitivity of 90.5% and a specificity of 100%. Conclusion: we concluded that thermal camera is a reliable method for detecting block success early
520 3 _aيُستخدم التخدير الموضعي في قناة العضلة الساقية كتقنية لتخفيف الألم،إلى جانب التخديرالعام ،في جراحات الركبة ،نظراً لفعاليته العالية في تخفيف الألم،مع تجنب مخاطرالأدوية الأخرى المستخدمة في التخدير. أدى استخدام الموجات فوق الصوتية إلى زيادة معدل نجاح التخدير الموضعي مما زاد من استخدامه في مجال التخدير. يُعدّ الكشف السريع والدقيق عن فشل التخدير في قناة العضلة الساقية أمراً بالغ الأهمية لتجنب المضاعفات للمريض والطبيب. فعدم كفاءة التخدير العضلي عامل رئيسي في انخفاض رضا المريض ،لذا فإن الكشف المبكرعن عدم نجاحه يسمح بتطبيق تقنيات بديلة في الوقت المناسب، مما يحسن من رضا المريض و يُوفر الوقت في غرفة العمليات. يُقيّم نجاح التخديرفي قناة العضلة الساقية من خلال اختبار الإحساس بالوخز بالمقارنة بتغير درجة الحرارة. مع ذلك ،فإن اختبار الوخز قد يكون غير دقيق ،كما أنه غيرمناسب للمريض المُخدّر أو غير المتعاون. لذلك،هناك اهتمام متزايد باستخدام طرق موضوعية لتحديد نجاح او فشل التخديرالموضعي. لم يُستخدم التصوير الحراري سابقا لتقييم نجاح التخديرالموضعي في قناة العضلة الساقية. في هذه الدراسة،هدفنا تقييم دقة التصوير الحراري في الكشف المبكر عن نجاح التخدير في جراحات الركبة باستخدام المنظار. كانت النتيجة الرئيسية هي تحديد مدى دقة كامير االتصوير الحراري بالأشعة تحت الحمراء كأداة موضوعية لقياس نجاح التخديرالموضعي في قناة العضلة الساقية. أظهرت نتائجنا أن مستوى الدقة و الحساسية عند 8 دقائق كان 96.5% و66.7% على التوالي ،و عند 10 دقائق كان 90.5% و100% على التوالي ،بينما كانت درجة الحرارة عند 8 دقائق و10 دقائق 33.6 درجة مئوية و34.7 درجة مئوية على التوالي .إن التخدير الناجح ،الذي يمكن الكشف عنه مبكرا باستخدام التصوير الحراري حتى لدى المريض المُخدّر ،سيقلل من استهلاك المورفين بعد العملية ،مع تقليل الغثيان و القيء بعد الجراحة.
530 _aIssues also as CD.
546 _aText in English and abstract in Arabic & English.
650 0 _aAnesthesia
650 0 _aالتخدير
653 1 _aAdductor Canal Block
_aThermal Image
700 0 _aHassan Mohamed Ahmed
_ethesis advisor.
700 0 _aDina zakaria Mohamed
_ethesis advisor.
700 0 _aInas Farouk Abdul Aal
_ethesis advisor.
700 0 _aAntony Adel Fahmy Gorgy
_ethesis advisor.
900 _b01-01-2025.
_cHassan Mohamed Ahmed
_cDina zakaria Mohamed
_cInas Farouk Abdul Aal
_cAntony Adel Fahmy Gorgy
_UCairo University
_FFaculty of Medicine
_DDepartment of Anesthesia, Surgical Intensive Care and Pain Management
905 _aShimaa
942 _2ddc
_cTH
_e21
_n0
999 _c179373